Top 15 Oil Reserves - Statistics

General Stats
  • This quiz has been taken 26 times
  • The average score is 13 of 15
Answer Stats
# Barrels of Oil Answer % Correct
107.8 Billion Russia
100%
297.5 Billion Saudi Arabia
100%
97.8 Billion United Arab Emirates
100%
68.8 Billion United States
100%
168.1 Billion Canada
92%
157.8 Billion Iran
92%
145.0 Billion Iraq
92%
25.2 Billion Qatar
92%
303.8 Billion Venezuela
83%
101.5 Billion Kuwait
79%
26.0 Billion China
75%
36.9 Billion Nigeria
75%
12.2 Billion Algeria
71%
48.4 Billion Libya
71%
30.0 Billion Kazakhstan
58%
No matching quizzes found
Score Distribution
Percent of People with Each Score
Percentile by Number Answered
Your Score History
You have not taken this quiz